[Event "DEM U18 2018"]
[Site "Willingen GER"]
[Date "2018.05.25"]
[Round "8"]
[White "Kololli, Martin"]
[Black "Herbrig, Alexander"]
[Result "1/2-1/2"]
[Termination "normal"]
[Board "8"]
[WhiteElo "2336"]
[BlackElo "2270"]
[WhiteClock "00:24:24"]
[BlackClock "00:30:29"]
[PlyCount "90"]
[WhiteFideId "12936910"]
[BlackFideId "12952044"]
[EventCountry "GER"]
[EventRounds "9"]
[EventType "swiss"]
[EventDate "2018.05.19"]

1. e4 {[%clk 1:30:57]} 1... c5 {[%clk 1:30:52]} 2. c3 {[%clk 1:31:22]} 2... d5
{[%clk 1:30:31]} 3. exd5 {[%clk 1:31:48]} 3... Nf6 {[%clk 1:30:44]} 4. d4 {
[%clk 1:29:27]} 4... Nxd5 {[%clk 1:29:37]} 5. Nf3 {[%clk 1:23:09]} 5... cxd4 {
[%clk 1:26:26]} 6. cxd4 {[%clk 1:20:27]} 6... g6 {[%clk 1:24:33]} 7. Nc3 {
[%clk 1:17:54]} 7... Bg7 {[%clk 1:21:49]} 8. Bc4 {[%clk 1:12:34]} 8... Nxc3 {
[%clk 1:20:30]} 9. bxc3 {[%clk 1:12:57]} 9... O-O {[%clk 1:19:24]} 10. Bb3 {
[%clk 1:07:19]} 10... Qc7 {[%clk 1:09:15]} 11. O-O {[%clk 1:04:36]} 11... Qxc3
{[%clk 0:54:01]} 12. Bd2 {[%clk 0:59:43]} 12... Qc7 {[%clk 0:53:00]} 13. Rc1 {
[%clk 0:58:26]} 13... Qd6 {[%clk 0:52:35]} 14. Qe1 {[%clk 0:56:20]} 14... Na6 {
[%clk 0:47:27]} 15. Qe4 {[%clk 0:55:42]} 15... Bf6 {[%clk 0:43:07]} 16. Bf4 {
[%clk 0:50:01]} 16... Bf5 {[%clk 0:37:51]} 17. Qe3 {[%clk 0:28:21]} 17... Qb6 {
[%clk 0:33:44]} 18. Be5 {[%clk 0:26:22]} 18... Rad8 {[%clk 0:23:24]} 19. Qh6 {
[%clk 0:22:46]} 19... g5 {[%clk 0:21:09]} 20. Qh5 {[%clk 0:19:29]} 20... Bg6 {
[%clk 0:20:04]} 21. Qg4 {[%clk 0:18:41]} 21... h6 {[%clk 0:17:22]} 22. Rfe1 {
[%clk 0:07:46]} 22... Bxe5 {[%clk 0:11:20]} 23. Rxe5 {[%clk 0:07:45]} 23... Nb4
{[%clk 0:09:42]} 24. Re3 {[%clk 0:04:51]} 24... Qf6 {[%clk 0:06:12]} 25. Ne5 {
[%clk 0:03:54]} 25... Nd5 {[%clk 0:05:20]} 26. Rf3 {[%clk 0:02:15]} 26... Qg7 {
[%clk 0:05:42]} 27. Nd7 {[%clk 0:01:39]} 27... h5 {[%clk 0:04:15]} 28. Qxg5 {
[%clk 0:01:55]} 28... Rxd7 {[%clk 0:04:37]} 29. Bxd5 {[%clk 0:02:19]} 29... e6
{[%clk 0:04:24]} 30. Bb3 {[%clk 0:01:56]} 30... Rxd4 {[%clk 0:04:06]} 31. Rg3 {
[%clk 0:00:53]} 31... Rfd8 {[%clk 0:03:57]} 32. h4 {[%clk 0:01:10]} 32... Kh7 {
[%clk 0:03:19]} 33. Rc7 {[%clk 0:00:39]} 33... R4d7 {[%clk 0:03:27]} 34. Rc5 {
[%clk 0:00:57]} 34... b6 {[%clk 0:03:12]} 35. Rc6 {[%clk 0:00:38]} 35... Qh6 {
[%clk 0:02:14]} 36. Qe5 {[%clk 0:01:04]} 36... Qg7 {[%clk 0:01:57]} 37. Qxg7+ {
[%clk 0:01:02]} 37... Kxg7 {[%clk 0:02:26]} 38. Bxe6 {[%clk 0:01:21]} 38...
Rd1+ {[%clk 0:02:52]} 39. Kh2 {[%clk 0:01:46]} 39... R1d6 {[%clk 0:03:00]} 40.
Rxd6 {[%clk 0:02:08]} 40... Rxd6 {[%clk 0:03:29]} 41. Bf5 {[%clk 0:26:47]}
41... Rd2 {[%clk 0:30:09]} 42. Bxg6 {[%clk 0:26:01]} 42... fxg6 {[%clk 0:30:22]
} 43. Ra3 {[%clk 0:26:26]} 43... a5 {[%clk 0:30:31]} 44. Kg3 {[%clk 0:26:33]}
44... Rb2 {[%clk 0:30:50]} 45. Kf3 {[%clk 0:24:24]} 45... Kf6 {[%clk 0:30:29]}
1/2-1/2

[Event "DEM U18 2018"]
[Site "Willingen GER"]
[Date "2018.05.25"]
[Round "8"]
[White "Gelman, Josef"]
[Black "Mätzkow, Maximilian Paul"]
[Result "0-1"]
[Termination "normal"]
[Board "9"]
[WhiteElo "1962"]
[BlackElo "2171"]
[WhiteClock "00:00:31"]
[BlackClock "00:04:14"]
[PlyCount "142"]
[WhiteFideId "12959642"]
[BlackFideId "24679933"]
[EventCountry "GER"]
[EventRounds "9"]
[EventType "swiss"]
[EventDate "2018.05.19"]

1. c4 {[%clk 1:30:59]} 1... Nf6 {[%clk 1:30:54]} 2. Nf3 {[%clk 1:31:25]} 2...
c5 {[%clk 1:30:56]} 3. b3 {[%clk 1:31:50]} 3... g6 {[%clk 1:31:17]} 4. Bb2 {
[%clk 1:32:17]} 4... Bg7 {[%clk 1:31:39]} 5. e3 {[%clk 1:32:35]} 5... O-O {
[%clk 1:31:54]} 6. Be2 {[%clk 1:33:02]} 6... Nc6 {[%clk 1:31:04]} 7. O-O {
[%clk 1:33:19]} 7... d6 {[%clk 1:23:32]} 8. d4 {[%clk 1:29:29]} 8... cxd4 {
[%clk 1:23:26]} 9. Nxd4 {[%clk 1:27:12]} 9... Nxd4 10. Bxd4 {[%clk 1:27:18]}
10... Bd7 {[%clk 1:21:47]} 11. Bf3 {[%clk 1:14:39]} 11... Qc7 {[%clk 1:21:00]}
12. Bb2 {[%clk 1:14:18]} 12... Bc6 {[%clk 1:21:03]} 13. Nc3 {[%clk 1:13:40]}
13... Rac8 {[%clk 1:15:28]} 14. Rc1 {[%clk 1:13:42]} 14... Bxf3 {[%clk 1:15:01]
} 15. Qxf3 {[%clk 1:13:54]} 15... Qc6 {[%clk 1:12:26]} 16. Nd5 {[%clk 1:05:43]}
16... Nxd5 {[%clk 1:11:38]} 17. cxd5 {[%clk 1:06:09]} 17... Qa6 {[%clk 1:06:12]
} 18. Bxg7 {[%clk 1:05:45]} 18... Kxg7 {[%clk 1:06:38]} 19. Qe4 {[%clk 1:05:25]
} 19... Qxa2 {[%clk 0:54:25]} 20. Qxe7 {[%clk 1:03:43]} 20... Rxc1 { [%clk
0:54:27]} 21. Rxc1 {[%clk 1:04:06]} 21... Qd2 {[%clk 0:54:52]} 22. Rf1 { [%clk
1:02:28]} 22... Qxd5 {[%clk 0:55:18]} 23. e4 {[%clk 1:01:54]} 23... Qc6 { [%clk
0:42:26]} 24. e5 {[%clk 1:00:30]} 24... dxe5 {[%clk 0:42:33]} 25. Qxe5+ { [%clk
1:00:55]} 25... f6 {[%clk 0:37:49]} 26. Qe3 {[%clk 1:01:06]} 26... a6 { [%clk
0:37:20]} 27. Rc1 {[%clk 1:01:23]} 27... Qd6 {[%clk 0:37:29]} 28. h3 { [%clk
1:00:59]} 28... Rf7 {[%clk 0:37:45]} 29. g3 {[%clk 0:59:28]} 29... Re7 { [%clk
0:38:09]} 30. Qf3 {[%clk 0:59:47]} 30... a5 {[%clk 0:32:12]} 31. Rd1 { [%clk
0:58:33]} 31... Qb4 {[%clk 0:31:51]} 32. Kg2 {[%clk 0:58:11]} 32... b5 { [%clk
0:27:08]} 33. Rd5 {[%clk 0:57:11]} 33... a4 {[%clk 0:24:13]} 34. bxa4 { [%clk
0:57:15]} 34... bxa4 {[%clk 0:20:25]} 35. Rd3 {[%clk 0:57:02]} 35... Qb7 {[%clk
0:18:17]} 36. Qxb7 {[%clk 0:55:42]} 36... Rxb7 {[%clk 0:18:43]} 37. Ra3 {[%clk
0:55:45]} 37... Ra7 {[%clk 0:13:45]} 38. Kf3 {[%clk 0:55:53]} 38... Kf7 {[%clk
0:14:08]} 39. Ke4 {[%clk 0:55:58]} 39... Ke6 {[%clk 0:13:57]} 40. Kd4 { [%clk
0:55:53]} 40... Kd6 {[%clk 0:12:17]} 41. Kc4 {[%clk 0:48:58]} 41... Kc6 { [%clk
0:05:02]} 42. Kb4 {[%clk 0:31:33]} 42... f5 {[%clk 0:26:27]} 43. Rc3+ { [%clk
0:49:46]} 43... Kd5 {[%clk 0:26:18]} 44. Rd3+ {[%clk 0:49:28]} 44... Ke5 {[%clk
0:25:11]} 45. Re3+ {[%clk 0:49:10]} 45... Kf6 {[%clk 0:25:18]} 46. Ra3 { [%clk
0:34:13]} 46... f4 {[%clk 0:23:36]} 47. Kc4 {[%clk 0:29:05]} 47... Ke5 { [%clk
0:23:10]} 48. Kc5 {[%clk 0:25:10]} 48... Rc7+ {[%clk 0:14:14]} 49. Kb5 { [%clk
0:24:03]} 49... fxg3 {[%clk 0:13:03]} 50. Rxg3 {[%clk 0:07:40]} 50... Rc2
{[%clk 0:12:37]} 51. Rf3 {[%clk 0:06:12]} 51... a3 {[%clk 0:12:14]} 52. Rxa3 {
[%clk 0:06:13]} 52... Rxf2 {[%clk 0:12:43]} 53. Kc4 {[%clk 0:05:07]} 53... Rd2
{[%clk 0:09:22]} 54. Rf3 {[%clk 0:04:04]} 54... h5 {[%clk 0:09:34]} 55. Rf8 {
[%clk 0:03:12]} 55... g5 {[%clk 0:09:28]} 56. Kc3 {[%clk 0:01:33]} 56... Rh2 {
[%clk 0:05:56]} 57. Kd3 {[%clk 0:00:54]} 57... Rxh3+ {[%clk 0:06:21]} 58. Ke2 {
[%clk 0:01:19]} 58... Rh4 {[%clk 0:06:14]} 59. Re8+ {[%clk 0:01:38]} 59... Kf5
{[%clk 0:06:40]} 60. Kf2 {[%clk 0:02:01]} 60... Ra4 {[%clk 0:07:06]} 61. Kg3 {
[%clk 0:01:58]} 61... Ra3+ {[%clk 0:07:08]} 62. Kg2 {[%clk 0:02:17]} 62... g4 {
[%clk 0:07:19]} 63. Re1 {[%clk 0:01:32]} 63... h4 {[%clk 0:06:32]} 64. Rf1+ {
[%clk 0:01:26]} 64... Kg5 {[%clk 0:06:56]} 65. Kh1 {[%clk 0:01:27]} 65... Ra2 {
[%clk 0:04:27]} 66. Kg1 {[%clk 0:01:45]} 66... g3 {[%clk 0:04:07]} 67. Rb1 {
[%clk 0:01:14]} 67... Kg4 {[%clk 0:04:22]} 68. Rf1 {[%clk 0:00:38]} 68... h3 {
[%clk 0:03:19]} 69. Rb1 {[%clk 0:00:51]} 69... Ra4 {[%clk 0:03:38]} 70. Rc1 {
[%clk 0:00:41]} 70... h2+ {[%clk 0:03:50]} 71. Kg2 {[%clk 0:00:31]} 71... Ra2+
{[%clk 0:04:14]} 0-1

[Event "DEM U18 2018"]
[Site "Willingen GER"]
[Date "2018.05.25"]
[Round "8"]
[White "Schmohel, Andreas"]
[Black "Muckle, Julius"]
[Result "0-1"]
[Termination "normal"]
[Board "10"]
[BlackTitle "FM"]
[WhiteElo "1782"]
[BlackElo "2344"]
[WhiteClock "00:00:56"]
[BlackClock "00:03:58"]
[PlyCount "72"]
[WhiteFideId "16228006"]
[BlackFideId "12942430"]
[EventCountry "GER"]
[EventRounds "9"]
[EventType "swiss"]
[EventDate "2018.05.19"]

1. e4 {[%clk 1:30:58]} 1... e6 {[%clk 1:30:55]} 2. d4 {[%clk 1:31:25]} 2... d5
{[%clk 1:31:23]} 3. exd5 {[%clk 1:31:50]} 3... exd5 {[%clk 1:31:47]} 4. Nf3 {
[%clk 1:32:12]} 4... Nf6 {[%clk 1:31:31]} 5. Bd3 {[%clk 1:30:32]} 5... Bg4 {
[%clk 1:31:31]} 6. O-O {[%clk 1:29:08]} 6... Be7 {[%clk 1:31:10]} 7. h3 { [%clk
1:28:18]} 7... Bh5 {[%clk 1:31:35]} 8. Bf4 {[%clk 1:27:50]} 8... O-O { [%clk
1:28:40]} 9. Nbd2 {[%clk 1:27:44]} 9... c5 {[%clk 1:20:15]} 10. dxc5 { [%clk
1:24:38]} 10... Bxc5 {[%clk 1:17:10]} 11. c3 {[%clk 1:23:29]} 11... Nc6 { [%clk
1:16:00]} 12. Qc2 {[%clk 1:22:39]} 12... Rc8 {[%clk 1:07:18]} 13. Bf5 { [%clk
1:14:06]} 13... Bg6 {[%clk 1:02:39]} 14. Bxg6 {[%clk 1:11:34]} 14... hxg6
{[%clk 0:59:19]} 15. Qd3 {[%clk 1:06:41]} 15... Nh5 {[%clk 0:53:21]} 16. Bg5 {
[%clk 0:57:39]} 16... Ne5 {[%clk 0:45:36]} 17. Qe2 {[%clk 0:30:42]} 17... Nxf3+
{[%clk 0:41:26]} 18. Nxf3 {[%clk 0:30:58]} 18... f6 {[%clk 0:25:36]} 19. Be3 {
[%clk 0:23:25]} 19... Re8 {[%clk 0:24:31]} 20. Nd4 {[%clk 0:21:30]} 20... Bxd4
{[%clk 0:22:26]} 21. cxd4 {[%clk 0:21:48]} 21... f5 {[%clk 0:20:00]} 22. Qd2 {
[%clk 0:16:44]} 22... Re4 {[%clk 0:18:15]} 23. Qd3 {[%clk 0:14:38]} 23... Qb6 {
[%clk 0:15:43]} 24. g3 {[%clk 0:08:05]} 24... Rce8 {[%clk 0:11:29]} 25. Kg2 {
[%clk 0:03:51]} 25... f4 {[%clk 0:10:11]} 26. gxf4 {[%clk 0:03:57]} 26... Nxf4+
{[%clk 0:07:47]} 27. Bxf4 {[%clk 0:04:09]} 27... Rxf4 {[%clk 0:08:16]} 28. Rfe1
{[%clk 0:01:23]} 28... Ref8 {[%clk 0:05:40]} 29. Re2 {[%clk 0:00:41]} 29... Qf6
{[%clk 0:06:08]} 30. Qe3 {[%clk 0:00:39]} 30... Re4 {[%clk 0:03:34]} 31. Qd3 {
[%clk 0:00:37]} 31... Rxd4 {[%clk 0:03:46]} 32. Qg3 {[%clk 0:00:41]} 32... Rf4
{[%clk 0:04:09]} 33. Rc1 {[%clk 0:00:34]} 33... Rf3 {[%clk 0:04:16]} 34. Qg4 {
[%clk 0:00:33]} 34... Rxf2+ {[%clk 0:04:41]} 35. Kg1 {[%clk 0:00:32]} 35...
Rxe2 {[%clk 0:03:31]} 36. Qxe2 {[%clk 0:00:56]} 36... Qg5+ {[%clk 0:03:58]  Qd1
} 0-1

[Event "DEM U18 2018"]
[Site "Willingen GER"]
[Date "2018.05.25"]
[Round "8"]
[White "Degenhard, Simon"]
[Black "Focke, Adrian"]
[Result "1-0"]
[Termination "normal"]
[Board "11"]
[WhiteTitle "FM"]
[WhiteElo "2189"]
[BlackElo "1775"]
[WhiteClock "00:32:15"]
[BlackClock "00:30:18"]
[PlyCount "91"]
[WhiteFideId "12944017"]
[BlackFideId "12969869"]
[EventCountry "GER"]
[EventRounds "9"]
[EventType "swiss"]
[EventDate "2018.05.19"]

1. e4 {[%clk 1:30:57]} 1... c5 {[%clk 1:30:52]} 2. Nf3 {[%clk 1:31:20]} 2... e6
{[%clk 1:31:16]} 3. d4 {[%clk 1:31:41]} 3... cxd4 {[%clk 1:31:39]} 4. Nxd4 {
[%clk 1:32:09]} 4... a6 {[%clk 1:32:00]} 5. Bd3 {[%clk 1:32:30]} 5... Nf6 {
[%clk 1:31:56]} 6. O-O {[%clk 1:32:45]} 6... Qc7 {[%clk 1:31:19]} 7. Qe2 {
[%clk 1:32:53]} 7... d6 {[%clk 1:31:03]} 8. Kh1 {[%clk 1:32:25]} 8... Nbd7 {
[%clk 1:26:21]} 9. f4 {[%clk 1:31:13]} 9... b6 {[%clk 1:24:46]} 10. c4 { [%clk
1:30:41]} 10... Bb7 {[%clk 1:24:21]} 11. Nd2 {[%clk 1:30:20]} 11... g6 { [%clk
1:18:59]} 12. b3 {[%clk 1:22:40]} 12... Bg7 {[%clk 1:18:54]} 13. Bb2 { [%clk
1:18:41]} 13... O-O {[%clk 1:16:03]} 14. Rae1 {[%clk 1:15:20]} 14... Nc5 {[%clk
1:14:41]} 15. Bc2 {[%clk 1:10:38]} 15... e5 {[%clk 1:01:07]} 16. fxe5 { [%clk
1:03:56]} 16... dxe5 {[%clk 1:01:30]} 17. N4f3 {[%clk 1:04:01]} 17... Nh5
{[%clk 0:57:46]} 18. Rd1 {[%clk 0:55:52]} 18... Rad8 {[%clk 0:53:24]} 19. Nb1 {
[%clk 0:51:31]} 19... Bc6 {[%clk 0:44:21]} 20. Nc3 {[%clk 0:50:25]} 20... f6 {
[%clk 0:43:10]} 21. Qe3 {[%clk 0:47:57]} 21... Nf4 {[%clk 0:36:44]} 22. g3 {
[%clk 0:44:02]} 22... Nfe6 {[%clk 0:35:59]} 23. b4 {[%clk 0:43:25]} 23... Nd7 {
[%clk 0:34:43]} 24. Bb3 {[%clk 0:40:55]} 24... Rfe8 {[%clk 0:34:06]} 25. Nd5 {
[%clk 0:35:04]} 25... Qb7 {[%clk 0:31:38]} 26. Rd2 {[%clk 0:35:20]} 26... Kh8 {
[%clk 0:31:28]} 27. h3 {[%clk 0:31:22]} 27... Bf8 {[%clk 0:25:39]} 28. a3 {
[%clk 0:31:15]} 28... a5 {[%clk 0:24:44]} 29. Bc3 {[%clk 0:30:36]} 29... axb4 {
[%clk 0:23:33]} 30. axb4 {[%clk 0:30:35]} 30... Ra8 {[%clk 0:21:54]} 31. Nh2 {
[%clk 0:27:03]} 31... Bg7 {[%clk 0:18:36]} 32. Ng4 {[%clk 0:24:25]} 32... Rf8 {
[%clk 0:17:47]} 33. Rdf2 {[%clk 0:23:06]} 33... Ng5 {[%clk 0:10:03]} 34. Kh2 {
[%clk 0:17:11]} 34... Nxe4 {[%clk 0:08:30]} 35. Qxe4 {[%clk 0:17:23]} 35... f5
{[%clk 0:08:57]} 36. Qe2 {[%clk 0:17:19]} 36... fxg4 {[%clk 0:09:09]} 37. Qxg4
{[%clk 0:17:40]} 37... Ra3 {[%clk 0:07:16]} 38. Qd1 {[%clk 0:15:12]} 38... b5 {
[%clk 0:05:22]} 39. Rxf8+ {[%clk 0:13:27]} 39... Nxf8 {[%clk 0:05:43]} 40. cxb5
{[%clk 0:07:45]} 40... Qxb5 {[%clk 0:04:18]} 41. Rxf8+ {[%clk 0:02:53]} 41...
Bxf8 {[%clk 0:04:39]} 42. Bxe5+ {[%clk 0:03:16]} 42... Bg7 {[%clk 0:03:28]} 43.
Bxg7+ {[%clk 0:01:53]} 43... Kxg7 {[%clk 0:02:10]} 44. Qd4+ {[%clk 0:02:06]}
44... Kg8 {[%clk 0:30:11]} 45. Nc7+ {[%clk 0:31:55]} 45... Rxb3 {[%clk 0:30:18]
} 46. Nxb5 {[%clk 0:32:15]} 1-0

[Event "DEM U18 2018"]
[Site "Willingen GER"]
[Date "2018.05.25"]
[Round "8"]
[White "Ortmeier, Leonhard"]
[Black "Oberhofer, Cédric"]
[Result "1/2-1/2"]
[Termination "normal"]
[Board "12"]
[WhiteElo "2141"]
[BlackElo "2158"]
[WhiteClock "00:06:51"]
[BlackClock "00:02:40"]
[PlyCount "87"]
[WhiteFideId "12993662"]
[BlackFideId "12941220"]
[EventCountry "GER"]
[EventRounds "9"]
[EventType "swiss"]
[EventDate "2018.05.19"]

1. e4 {[%clk 1:30:51]} 1... c5 {[%clk 1:30:50]} 2. Nf3 {[%clk 1:31:14]} 2...
Nc6 {[%clk 1:31:16]} 3. Bb5 {[%clk 1:31:30]} 3... d6 {[%clk 1:31:40]} 4. O-O {
[%clk 1:31:17]} 4... Bd7 {[%clk 1:31:21]} 5. Re1 {[%clk 1:26:55]} 5... Nf6 {
[%clk 1:31:02]} 6. c3 {[%clk 1:26:39]} 6... a6 {[%clk 1:31:18]} 7. Bf1 { [%clk
1:26:10]} 7... Bg4 {[%clk 1:30:16]} 8. d4 {[%clk 1:25:49]} 8... e5 { [%clk
1:18:55]} 9. dxc5 {[%clk 1:19:54]} 9... dxc5 {[%clk 1:18:32]} 10. Qe2 { [%clk
1:20:13]} 10... Be7 {[%clk 1:11:55]} 11. a4 {[%clk 1:18:40]} 11... O-O { [%clk
1:11:31]} 12. Bg5 {[%clk 1:12:40]} 12... Nd7 {[%clk 1:01:35]} 13. Bxe7 { [%clk
1:08:03]} 13... Qxe7 {[%clk 1:01:50]} 14. Nbd2 {[%clk 1:07:36]} 14... Nd8
{[%clk 0:55:50]} 15. h3 {[%clk 1:04:20]} 15... Bh5 {[%clk 0:55:07]} 16. Qe3 {
[%clk 0:59:25]} 16... Ne6 {[%clk 0:47:01]} 17. Nc4 {[%clk 0:57:33]} 17... Qf6 {
[%clk 0:42:27]} 18. Nh2 {[%clk 0:53:58]} 18... h6 {[%clk 0:37:43]} 19. Be2 {
[%clk 0:45:45]} 19... Bxe2 {[%clk 0:35:28]} 20. Qxe2 {[%clk 0:45:39]} 20... Nf4
{[%clk 0:31:46]} 21. Qf3 {[%clk 0:37:44]} 21... Qe6 {[%clk 0:26:38]} 22. Ne3 {
[%clk 0:35:16]} 22... Nf6 {[%clk 0:26:24]} 23. Nhg4 {[%clk 0:32:59]} 23... Rad8
{[%clk 0:22:17]} 24. Red1 {[%clk 0:29:17]} 24... Nxg4 {[%clk 0:16:07]} 25. Qxg4
{[%clk 0:26:41]} 25... Qxg4 {[%clk 0:15:55]} 26. Nxg4 {[%clk 0:24:07]} 26... f6
{[%clk 0:16:08]} 27. Ne3 {[%clk 0:23:06]} 27... g6 {[%clk 0:14:12]} 28. Nd5 {
[%clk 0:19:10]} 28... Nxd5 {[%clk 0:12:59]} 29. exd5 {[%clk 0:18:15]} 29... Rd6
{[%clk 0:12:08]} 30. a5 {[%clk 0:16:43]} 30... c4 {[%clk 0:08:36]} 31. Ra4 {
[%clk 0:16:33]} 31... Rc8 {[%clk 0:09:01]} 32. Rb4 {[%clk 0:16:23]} 32... Rc5 {
[%clk 0:09:13]} 33. Rxb7 {[%clk 0:16:31]} 33... Rxa5 {[%clk 0:09:15]} 34. Rc7 {
[%clk 0:16:39]} 34... Rdxd5 {[%clk 0:09:23]} 35. Rxd5 {[%clk 0:16:47]} 35...
Rxd5 {[%clk 0:09:49]} 36. Rxc4 {[%clk 0:17:10]} 36... a5 {[%clk 0:10:07]} 37.
Rc7 {[%clk 0:17:12]} 37... Rb5 {[%clk 0:09:29]} 38. Ra7 {[%clk 0:08:56]} 38...
Rxb2 {[%clk 0:07:33]} 39. Rxa5 {[%clk 0:09:21]} 39... Rb1+ {[%clk 0:08:00]} 40.
Kh2 {[%clk 0:09:38]} 40... Rb6 {[%clk 0:07:07]} 41. Rc5 {[%clk 0:09:50]} 41...
Kf7 {[%clk 0:04:31]} 42. Rc7+ {[%clk 0:07:28]} 42... Ke6 {[%clk 0:03:31]} 43.
c4 {[%clk 0:07:26]} 43... Ra6 {[%clk 0:02:40]} 44. Rg7 {[%clk 0:06:51]} 1/2-1/2

[Event "DEM U18 2018"]
[Site "Willingen GER"]
[Date "2018.05.25"]
[Round "8"]
[White "Weller, Uli"]
[Black "Heldt, Nils-Lennart"]
[Result "0-1"]
[Termination "normal"]
[Board "13"]
[WhiteElo "2062"]
[BlackElo "2070"]
[WhiteClock "00:18:31"]
[BlackClock "00:14:33"]
[PlyCount "102"]
[WhiteFideId "12971782"]
[BlackFideId "12952109"]
[EventCountry "GER"]
[EventRounds "9"]
[EventType "swiss"]
[EventDate "2018.05.19"]

1. e4 {[%clk 1:30:58]} 1... c5 {[%clk 1:30:55]} 2. Nc3 {[%clk 1:30:57]} 2...
Nc6 {[%clk 1:31:15]} 3. g3 {[%clk 1:30:54]} 3... g6 {[%clk 1:31:40]} 4. d3 {
[%clk 1:30:50]} 4... Bg7 {[%clk 1:32:03]} 5. Be3 {[%clk 1:30:21]} 5... d6 {
[%clk 1:32:01]} 6. Qd2 {[%clk 1:30:18]} 6... e5 {[%clk 1:31:45]} 7. Bg2 { [%clk
1:30:08]} 7... Nge7 {[%clk 1:31:58]} 8. Bh6 {[%clk 1:27:58]} 8... O-O { [%clk
1:32:22]} 9. h4 {[%clk 1:27:33]} 9... Bxh6 {[%clk 1:32:45]} 10. Qxh6 { [%clk
1:27:55]} 10... f6 {[%clk 1:33:01]} 11. Qd2 {[%clk 1:25:24]} 11... Be6 { [%clk
1:32:06]} 12. Nd5 {[%clk 1:24:22]} 12... Bxd5 {[%clk 1:25:15]} 13. exd5 { [%clk
1:24:45]} 13... Nb4 {[%clk 1:25:22]} 14. c4 {[%clk 1:12:56]} 14... a5 { [%clk
1:16:24]} 15. Ne2 {[%clk 1:05:24]} 15... Na6 {[%clk 1:15:06]} 16. O-O-O { [%clk
0:52:09]} 16... a4 {[%clk 1:13:18]} 17. g4 {[%clk 0:49:23]} 17... b5 { [%clk
1:11:03]} 18. f4 {[%clk 0:48:47]} 18... Nc8 {[%clk 1:07:42]} 19. h5 { [%clk
0:45:45]} 19... g5 {[%clk 1:06:31]} 20. fxg5 {[%clk 0:46:07]} 20... fxg5 {[%clk
1:06:56]} 21. h6 {[%clk 0:46:25]} 21... bxc4 {[%clk 1:06:07]} 22. Rh5 { [%clk
0:42:30]} 22... Kh8 {[%clk 1:04:28]} 23. Rxg5 {[%clk 0:37:10]} 23... cxd3
{[%clk 1:03:33]} 24. Ng3 {[%clk 0:35:49]} 24... a3 {[%clk 0:59:58]} 25. Rg7 {
[%clk 0:26:10]} 25... axb2+ {[%clk 0:58:44]} 26. Kb1 {[%clk 0:24:30]} 26... Nb4
{[%clk 0:55:11]} 27. Be4 {[%clk 0:23:03]} 27... Ra7 {[%clk 0:51:42]} 28. Rxa7 {
[%clk 0:21:45]} 28... Nxa7 {[%clk 0:52:06]} 29. a3 {[%clk 0:21:27]} 29... Nb5 {
[%clk 0:41:01]} 30. axb4 {[%clk 0:17:00]} 30... c4 {[%clk 0:39:37]} 31. Bxd3 {
[%clk 0:09:16]} 31... Rf3 {[%clk 0:31:14]} 32. Qxb2 {[%clk 0:06:39]} 32... Rxg3
{[%clk 0:25:55]} 33. Qf2 {[%clk 0:05:20]} 33... cxd3 {[%clk 0:14:00]} 34. Qxg3
{[%clk 0:04:40]} 34... Nc3+ {[%clk 0:14:21]} 35. Kb2 {[%clk 0:04:37]} 35...
Nxd1+ {[%clk 0:14:41]} 36. Kb3 {[%clk 0:04:52]} 36... d2 {[%clk 0:09:54]} 37.
Kc2 {[%clk 0:04:14]} 37... Nb2 {[%clk 0:07:23]} 38. Kxd2 {[%clk 0:04:37]} 38...
Na4 {[%clk 0:02:42]} 39. Qf2 {[%clk 0:02:29]} 39... Qg5+ {[%clk 0:01:48]} 40.
Kc2 {[%clk 0:02:46]} 40... Qf4 {[%clk 0:01:27]} 41. Qa7 {[%clk 0:26:55]} 41...
Qc4+ {[%clk 0:30:16]} 42. Kd2 {[%clk 0:27:01]} 42... Qxb4+ {[%clk 0:28:46]} 43.
Ke2 {[%clk 0:26:19]} 43... Qxg4+ {[%clk 0:28:31]} 44. Ke1 {[%clk 0:24:59]}
44... Qe4+ {[%clk 0:27:50]} 45. Kf1 {[%clk 0:25:17]} 45... Qf3+ {[%clk 0:25:30]
} 46. Ke1 {[%clk 0:24:50]} 46... Qg3+ {[%clk 0:18:49]} 47. Kf1 {[%clk 0:24:36]}
47... Qf4+ {[%clk 0:18:55]} 48. Kg2 {[%clk 0:21:26]} 48... Qd2+ {[%clk 0:17:28]
} 49. Kg3 {[%clk 0:21:42]} 49... Qxh6 {[%clk 0:14:23]} 50. Qb8+ {[%clk 0:18:12]
} 50... Kg7 {[%clk 0:14:41]} 51. Qc7+ {[%clk 0:18:31]} 51... Kg8 { [%clk
0:14:33]} 0-1